000 00252nam a2200109Ia 4500
008 200302s9999 xx 000 0 und d
100 _aJaffeholden
245 _aTheaters 2
260 _bImages Publishing Group Ltd.
260 _c2009
300 _a232 P.,
999 _c2893
_d2893